Biggest Cities in Austria Quiz - Statistics

General Stats
  • This quiz has been taken 109 times
  • The average score is 11 of 24
Answer Stats
Population City % Correct
1,840,573 Vienna
100%
148,420 Salzburg
95%
126,851 Innsbruck
94%
273,838 Graz
92%
198,181 Linz
88%
97,827 Klagenfurt
65%
28,697 Bregenz
62%
52,716 St. Pölten
59%
60,480 Villach
55%
43,019 Wiener Neustadt
55%
59,853 Wels
44%
47,420 Dornbirn
38%
23,992 Krems
33%
38,273 Steyr
32%
30,056 Feldkirch
29%
23,173 Amstetten
28%
24,680 Leoben
28%
25,083 Wolfsberg
28%
25,328 Baden
26%
26,466 Klosterneuburg
26%
23,181 Kapfenberg
15%
26,934 Leonding
14%
21,894 Lustenau
14%
23,892 Traun
13%
No matching quizzes found
Score Distribution
Percent of People with Each Score
Percentile by Number Answered
Your Score History
You have not taken this quiz